000 00944nam a22002777a 4500
001 BR9702619
003 BR-BrBNA
005 20230928095445.0
007 ta
008 230509b bl.||||| |||| 00| 0 por d
040 _aBR-BrBNA
_bpor
_cBiblioteca Nacional de Agricultura
041 _a(Por)
072 _aH60
_b4020
090 _ 4020 BR9702619
100 1 _aLucchini, F.
110 1 _aUniversidade Federal de Lavras, MG (Brasil)
_0Tese (Doutor em Ciencias)
245 1 _aEspecificidade hospedeira e aspectos biologicos de Phaedon pertinax Stal, 1860 (Coleoptera, Chrysomelidae), para o controle biologico de Bidens pilosa L. (Asteraceae)
260 3 _aLavras, MG (Brasil):
_c1996.
300 _a75 p.
500 _a7 illus.; 11 tables; 46 ref.; Summaries (Eng, Por)
650 _aPicao Preto
650 _aInseto para Controle Biologico
650 _aControle Biologico
909 _a202309
_bLucia
_c55
_dLucia Elande
942 _cBK
999 _c56682
_d56682